Немецко-русский словарь по автоматике и технической кибернетике: Около 30 000 терминов

Bibliografiske detaljer
Hovedforfatter: Кокорев Л. А. Леонид Александрович
Andre forfattere: Руднев В. В. (редактор)
Sprog:russisk
tysk
Udgivet: Москва, Русский язык, 1981
Fag:
Format: Bog
KOHA link:https://koha.lib.tpu.ru/cgi-bin/koha/opac-detail.pl?biblionumber=21596

MARC

LEADER 00000nam0a2200000 4500
001 21596
005 20231101205435.0
035 |a (RuTPU)RU\TPU\book\21800 
035 |a BOOK00006493 
090 |a 21596 
100 |a 20011209d1981 km y0rusy50 ca 
101 0 |a rus  |a ger 
102 |a RU 
105 |a y e 000zy 
200 1 |a Немецко-русский словарь по автоматике и технической кибернетике  |e Около 30 000 терминов  |f Л. А. Кокорев  |g Под ред. В. В. Руднева 
210 |a Москва  |c Русский язык  |d 1981 
215 |a 560 с. 
606 1 |a Немецкий язык  |x Терминологические словари  |2 stltpush  |3 (RuTPU)RU\TPU\subj\45383  |9 64626 
610 1 |a словари 
610 1 |a терминологические словари 
610 1 |a автоматика 
610 1 |a кибернетика 
686 |a Ш143.24-43  |v LBC/SL-A  |2 rubbk 
700 1 |a Кокорев  |b Л. А.  |g Леонид Александрович 
702 1 |a Руднев  |b В. В.  |4 340 
801 0 |a RU  |b 63413507  |c 20011209  |g PSBO 
801 2 |a RU  |b 63413507  |c 20161021  |g PSBO 
942 |c BK